[Event "v4camp2016"]
[Site "?"]
[Date "2016.06.23"]
[Round "5.13"]
[White "Suchomelova, Simona"]
[Black "Golda, Sebastian"]
[Result "0-1"]
[BlackElo "1877"]
[WhiteElo "1833"]
[LiveChessVersion "1.4.8"]

1. e4 {[%clk 1:30:30]} c5 {[%clk 1:30:39]} 2. Nf3 {[%clk 1:30:52]} d6
{[%clk 1:30:18]} 3. d4 {[%clk 1:31:12]} cxd4 {[%clk 1:30:45]} 4. Nxd4
{[%clk 1:31:34]} Nf6 {[%clk 1:31:12]} 5. Nc3 {[%clk 1:31:53]} a6 {[%clk 1:29:30]}
6. Be2 {[%clk 1:32:06]} e5 {[%clk 1:29:51]} 7. Nb3 {[%clk 1:32:22]} Be7
{[%clk 1:29:35]} 8. O-O {[%clk 1:32:39]} O-O {[%clk 1:29:54]} 9. Kh1
{[%clk 1:32:50]} Be6 {[%clk 1:24:33]} 10. f4 {[%clk 1:32:52]} exf4
{[%clk 1:24:59]} 11. Bxf4 {[%clk 1:33:02]} Qc7 {[%clk 1:23:37]} 12. Qe1
{[%clk 1:32:07]} Nbd7 {[%clk 1:23:59]} 13. Rd1 {[%clk 1:29:00]} Ne5
{[%clk 1:24:23]} 14. Nd4 {[%clk 1:28:02]} b5 {[%clk 1:22:37]} 15. a3
{[%clk 1:23:40]} Rfd8 {[%clk 1:00:39]} 16. Qg3 {[%clk 1:20:37]} Rac8
{[%clk 0:54:59]} 17. Bg5 {[%clk 1:12:24]} Kh8 {[%clk 0:52:20]} 18. Nf5
{[%clk 0:57:13]} Bxf5 {[%clk 0:52:03]} 19. Rxf5 {[%clk 0:56:56]} Ned7
{[%clk 0:44:33]} 20. Rdf1 {[%clk 0:54:12]} Re8 {[%clk 0:43:55]} 21. Bd3
{[%clk 0:51:50]} Bd8 {[%clk 0:41:40]} 22. Qh3 {[%clk 0:36:58]} Re5
{[%clk 0:40:40]} 23. Rxe5 {[%clk 0:32:34]} dxe5 {[%clk 0:40:19]} 24. Nd5
{[%clk 0:30:01]} Qc6 {[%clk 0:37:30]} 25. Rf5 {[%clk 0:27:47]} Qe6
{[%clk 0:33:36]} 26. Nxf6 {[%clk 0:15:02]} Bxf6 {[%clk 0:31:27]} 27. Be3
{[%clk 0:09:43]} g6 {[%clk 0:19:17]} 28. Rf3 {[%clk 0:09:56]} Qe7
{[%clk 0:19:46]} 29. g4 {[%clk 0:07:52]} Rc7 {[%clk 0:19:37]} 30. g5
{[%clk 0:05:39]} Bg7 {[%clk 0:20:06]} 31. Qf1 {[%clk 0:05:29]} Nf8
{[%clk 0:20:14]} 32. h4 {[%clk 0:04:45]} Ne6 {[%clk 0:20:36]} 33. c3
{[%clk 0:03:04]} Kg8 {[%clk 0:20:59]} 34. Bb1 {[%clk 0:02:48]} Rd7
{[%clk 0:16:17]} 35. Ba2 {[%clk 0:02:10]} Rd6 {[%clk 0:12:41]} 36. Bc5
{[%clk 0:01:06]} Nf4 {[%clk 0:10:48]} 37. Bxd6 {[%clk 0:01:22]} Qxd6
{[%clk 0:11:17]} 38. Bb3 {[%clk 0:01:02]} Qd2 {[%clk 0:10:31]} 39. Qf2
{[%clk 0:00:51]} Qd7 {[%clk 0:11:00]} 40. Rg3 {[%clk 0:00:47]} Bf8
{[%clk 0:11:23]} 41. Qc2 {[%clk 0:00:45]} Bc5 {[%clk 0:11:45]} 42. Qd1
{[%clk 0:01:04]} Qc8 {[%clk 0:11:46]} 43. Qd2 {[%clk 0:00:54]} Nh5
{[%clk 0:11:53]} 44. Rd3 {[%clk 0:01:09]} Qg4 {[%clk 0:12:15]} 45. Rd8+
{[%clk 0:00:50]} Kg7 {[%clk 0:12:42]} 46. Qd1 {[%clk 0:00:31]} Qxh4+
{[%clk 0:12:28]} 47. Kg2 {[%clk 0:00:43]} Qf2+ 0-1

[Event "v4camp2016"]
[Site "?"]
[Date "2016.06.23"]
[Round "5.14"]
[White "Korcyl, Patryk"]
[Black "Nemcova, Kamila"]
[Result "1-0"]
[BlackElo "1743"]
[WhiteElo "1527"]
[LiveChessVersion "1.4.8"]

1. e4 {[%clk 1:30:57]} c5 {[%clk 1:30:55]} 2. Nf3 {[%clk 1:31:24]} d6
{[%clk 1:31:17]} 3. d4 {[%clk 1:31:50]} cxd4 {[%clk 1:31:40]} 4. Nxd4
{[%clk 1:32:19]} Nf6 {[%clk 1:31:46]} 5. Nc3 {[%clk 1:32:45]} a6 {[%clk 1:32:08]}
6. Be3 {[%clk 1:33:05]} e5 {[%clk 1:31:41]} 7. Nb3 {[%clk 1:33:30]} Be6
{[%clk 1:31:28]} 8. f3 {[%clk 1:33:53]} Be7 {[%clk 1:31:46]} 9. Qd2
{[%clk 1:34:19]} h5 {[%clk 1:30:43]} 10. O-O-O {[%clk 1:34:05]} Nbd7
{[%clk 1:29:49]} 11. Kb1 {[%clk 1:31:57]} b5 {[%clk 1:25:31]} 12. Rg1
{[%clk 1:30:21]} Nb6 {[%clk 1:16:38]} 13. g3 {[%clk 1:22:26]} O-O
{[%clk 1:08:08]} 14. Bg5 {[%clk 1:14:22]} b4 {[%clk 0:56:33]} 15. Bxf6
{[%clk 1:09:57]} Bxf6 {[%clk 0:56:41]} 16. Nd5 {[%clk 1:09:51]} Nxd5
{[%clk 0:53:28]} 17. exd5 {[%clk 1:07:30]} Qb6 {[%clk 0:52:05]} 18. dxe6
{[%clk 0:55:04]} Qxg1 {[%clk 0:50:59]} 19. exf7+ {[%clk 0:55:27]} Rxf7
{[%clk 0:51:13]} 20. Bc4 {[%clk 0:55:38]} Qa7 {[%clk 0:49:29]} 21. Qxb4
{[%clk 0:50:36]} Rd8 {[%clk 0:48:18]} 22. Bxf7+ {[%clk 0:49:27]} Kxf7
{[%clk 0:48:21]} 23. Qc4+ {[%clk 0:46:38]} Kf8 {[%clk 0:47:21]} 24. f4
{[%clk 0:44:23]} Qf2 {[%clk 0:41:54]} 25. fxe5 {[%clk 0:42:55]} dxe5
{[%clk 0:42:04]} 26. Rxd8+ {[%clk 0:42:58]} Bxd8 {[%clk 0:42:31]} 27. Qc5+
{[%clk 0:43:08]} Qxc5 {[%clk 0:42:49]} 28. Nxc5 {[%clk 0:43:36]} Bb6
{[%clk 0:41:41]} 29. Nd7+ {[%clk 0:43:47]} 1-0

[Event "v4camp2016"]
[Site "?"]
[Date "2016.06.23"]
[Round "5.16"]
[White "Surpeta, Julia"]
[Black "Homolkova, Ivana"]
[Result "0-1"]
[BlackElo "1645"]
[WhiteElo "1492"]
[LiveChessVersion "1.4.8"]

1. e4 {[%clk 1:30:56]} e5 {[%clk 1:30:55]} 2. Nf3 {[%clk 1:31:13]} Nc6
{[%clk 1:31:20]} 3. Bc4 {[%clk 1:31:36]} Bc5 {[%clk 1:31:45]} 4. c3
{[%clk 1:30:26]} Nf6 {[%clk 1:31:59]} 5. d4 {[%clk 1:29:58]} exd4
{[%clk 1:32:12]} 6. cxd4 {[%clk 1:29:56]} Bb4+ {[%clk 1:32:36]} 7. Nc3
{[%clk 1:30:16]} Nxe4 {[%clk 1:32:27]} 8. O-O {[%clk 1:30:33]} Bxc3
{[%clk 1:32:38]} 9. bxc3 {[%clk 1:30:52]} d5 {[%clk 1:32:47]} 10. Re1
{[%clk 1:26:57]} O-O {[%clk 1:33:01]} 11. Bd3 {[%clk 1:25:47]} Nxc3
{[%clk 1:30:16]} 12. Qc2 {[%clk 1:25:22]} Ne4 {[%clk 1:29:49]} 13. Ba3
{[%clk 1:18:22]} Re8 {[%clk 1:29:01]} 14. Rad1 {[%clk 1:17:34]} Bg4
{[%clk 1:23:50]} 15. Be2 {[%clk 1:11:40]} Qf6 {[%clk 1:11:48]} 16. Bb2
{[%clk 1:10:41]} Re6 {[%clk 1:06:56]} 17. Rf1 {[%clk 1:05:05]} Ng5
{[%clk 1:04:13]} 18. Ne5 {[%clk 1:01:06]} Bxe2 {[%clk 1:01:45]} 19. Qxe2
{[%clk 1:01:06]} Qe7 {[%clk 0:57:51]} 20. Qb5 {[%clk 0:57:41]} Nxe5
{[%clk 0:57:21]} 21. Qxb7 {[%clk 0:53:07]} Nef3+ {[%clk 0:54:33]} 22. Kh1
{[%clk 0:52:31]} Re8 {[%clk 0:54:31]} 23. Qxd5 {[%clk 0:51:03]} Nh4
{[%clk 0:51:35]} 24. Bc1 {[%clk 0:47:52]} Ne4 {[%clk 0:51:06]} 25. Bd2
{[%clk 0:45:11]} Nxd2 {[%clk 0:51:02]} 26. Rxd2 {[%clk 0:45:29]} Re1
{[%clk 0:50:47]} 27. Qb5 {[%clk 0:45:28]} Rxf1+ {[%clk 0:51:07]} 28. Qxf1
{[%clk 0:45:52]} Qe1 {[%clk 0:50:52]} 29. Rd1 {[%clk 0:46:16]} Qxf1+
{[%clk 0:51:17]} 30. Rxf1 {[%clk 0:46:42]} Re2 {[%clk 0:50:52]} 31. g3
{[%clk 0:46:46]} Nf3 {[%clk 0:50:49]} 32. d5 {[%clk 0:47:11]} Re1
{[%clk 0:50:59]} 33. Rxe1 {[%clk 0:46:56]} Nxe1 {[%clk 0:51:24]} 34. f4
{[%clk 0:47:16]} Kf8 {[%clk 0:51:53]} 35. Kg1 {[%clk 0:47:41]} Ke7
{[%clk 0:52:17]} 36. Kf2 {[%clk 0:47:58]} Nd3+ {[%clk 0:52:44]} 37. Ke3
{[%clk 0:48:24]} Nb4 {[%clk 0:53:02]} 38. a4 {[%clk 0:47:51]} Nxd5+
{[%clk 0:53:29]} 39. Kd4 {[%clk 0:48:17]} Kd6 {[%clk 0:53:20]} 0-1

[Event "v4camp2016"]
[Site "?"]
[Date "2016.06.23"]
[Round "5.17"]
[White "Durica, Adam"]
[Black "Szotkowski, David"]
[Result "0-1"]
[BlackElo "1783"]
[WhiteElo "1761"]
[LiveChessVersion "1.4.8"]

1. Nf3 {[%clk 1:30:58]} c5 {[%clk 1:30:51]} 2. g3 {[%clk 1:31:19]} Nf6
{[%clk 1:28:58]} 3. Bg2 {[%clk 1:31:36]} d5 {[%clk 1:28:20]} 4. O-O
{[%clk 1:31:54]} e6 {[%clk 1:28:13]} 5. d3 {[%clk 1:32:08]} Be7 {[%clk 1:27:07]}
6. b3 {[%clk 1:32:15]} O-O {[%clk 1:25:43]} 7. Bb2 {[%clk 1:32:36]} Nc6
{[%clk 1:25:00]} 8. Nbd2 {[%clk 1:32:09]} Qc7 {[%clk 1:23:14]} 9. e4
{[%clk 1:32:04]} d4 {[%clk 1:21:53]} 10. h4 {[%clk 1:32:03]} e5 {[%clk 1:19:47]}
11. Nh2 {[%clk 1:31:09]} Be6 {[%clk 1:16:21]} 12. f4 {[%clk 1:29:34]} Rfc8
{[%clk 1:04:53]} 13. f5 {[%clk 1:29:45]} Bd7 {[%clk 1:05:07]} 14. g4
{[%clk 1:30:02]} Ne8 {[%clk 1:01:56]} 15. g5 {[%clk 1:29:53]} f6 {[%clk 0:57:26]}
16. Qh5 {[%clk 1:28:28]} Qd8 {[%clk 0:50:36]} 17. g6 {[%clk 1:28:02]} h6
{[%clk 0:49:20]} 18. Ng4 {[%clk 1:28:23]} Bf8 {[%clk 0:47:50]} 19. a4
{[%clk 1:26:08]} Nb4 {[%clk 0:46:09]} 20. Rac1 {[%clk 1:26:22]} a6
{[%clk 0:45:16]} 21. Nf3 {[%clk 1:24:48]} b5 {[%clk 0:43:12]} 22. a5
{[%clk 1:23:23]} c4 {[%clk 0:42:09]} 23. Ba3 {[%clk 1:22:15]} Qxa5
{[%clk 0:38:49]} 24. Ra1 {[%clk 1:17:18]} cxd3 {[%clk 0:37:24]} 25. cxd3
{[%clk 1:16:29]} Qd8 {[%clk 0:30:23]} 26. Nfh2 {[%clk 1:15:09]} a5
{[%clk 0:27:44]} 27. Rfd1 {[%clk 1:12:30]} Rc3 {[%clk 0:25:51]} 28. Bc1
{[%clk 1:12:38]} Qe7 {[%clk 0:20:37]} 29. Nxh6+ {[%clk 1:11:03]} gxh6
{[%clk 0:20:57]} 30. Ng4 {[%clk 1:11:27]} Rxd3 {[%clk 0:19:06]} 31. Bxh6
{[%clk 1:11:40]} Rxd1+ {[%clk 0:19:26]} 32. Rxd1 {[%clk 1:12:03]} Ng7
{[%clk 0:17:46]} 33. Bxg7 {[%clk 1:11:53]} Bxg7 {[%clk 0:17:57]} 34. Qh7+
{[%clk 1:12:15]} Kf8 {[%clk 0:18:19]} 35. h5 {[%clk 1:12:43]} Nc2
{[%clk 0:14:12]} 36. h6 {[%clk 1:12:41]} a4 {[%clk 0:14:09]} 37. bxa4
{[%clk 1:12:36]} bxa4 {[%clk 0:14:32]} 38. Bf1 {[%clk 1:12:58]} Rc8
{[%clk 0:14:14]} 39. Rc1 {[%clk 1:08:57]} a3 {[%clk 0:14:20]} 40. Bd3
{[%clk 1:09:17]} a2 {[%clk 0:14:21]} 41. Bxc2 {[%clk 1:09:24]} Rxc2
{[%clk 0:14:32]} 42. Ra1 {[%clk 1:09:47]} Rb2 {[%clk 0:14:51]} 43. Rxa2
{[%clk 1:06:18]} Rxa2 {[%clk 0:15:05]} 44. Nxe5 {[%clk 1:06:37]} Ra1+
{[%clk 0:15:15]} 45. Kg2 {[%clk 1:06:51]} Ra2+ {[%clk 0:15:39]} 46. Kg1
{[%clk 1:07:17]} fxe5 {[%clk 0:15:31]} 47. hxg7+ {[%clk 1:07:13]} Qxg7
{[%clk 0:15:08]} 48. f6 Qxf6 {[%clk 0:14:46]} 49. Qh6+ {[%clk 1:07:50]} Qg7
{[%clk 0:15:01]} 50. Qg5 {[%clk 1:08:14]} Be8 {[%clk 0:14:28]} 51. Qf5+
{[%clk 1:08:36]} Kg8 {[%clk 0:13:59]} 52. Qe6+ {[%clk 1:08:54]} Bf7
{[%clk 0:14:13]} 53. Qc8+ Qf8 {[%clk 0:14:25]} 54. gxf7+ {[%clk 1:09:40]} Kg7
{[%clk 0:14:15]} 55. Qg4+ {[%clk 1:10:02]} Kxf7 {[%clk 0:14:22]} 56. Qf5+
{[%clk 1:10:04]} Kg7 {[%clk 0:14:18]} 57. Qg4+ {[%clk 1:09:37]} Kh7
{[%clk 0:14:13]} 58. Qh3+ {[%clk 1:08:36]} Qh6 {[%clk 0:14:31]} 59. Qf3
{[%clk 1:07:48]} Qc1+ {[%clk 0:14:26]} 60. Qf1 {[%clk 1:08:12]} Qxf1+
{[%clk 0:14:48]} 61. Kxf1 {[%clk 1:08:35]} Kg6 {[%clk 0:14:45]} 62. Ke1
{[%clk 1:08:59]} Kg5 {[%clk 0:15:11]} 63. Kd1 {[%clk 1:09:20]} Kf4
{[%clk 0:15:36]} 64. Kc1 {[%clk 1:09:42]} Ke3 {[%clk 0:16:01]} 65. Kb1
{[%clk 1:10:08]} Rh2 {[%clk 0:16:26]} 66. Ka1 {[%clk 1:10:32]} Kd3 67. Kb1 Kc3
{[%clk 0:16:36]} 68. Ka1 {[%clk 1:10:56]} Kb3 {[%clk 0:17:02]} 69. Kb1
{[%clk 1:11:21]} Rh1# {[%clk 0:17:28]} 0-1

[Event "v4camp2016"]
[Site "?"]
[Date "2016.06.23"]
[Round "5.18"]
[White "Berezjuk, Rostislav"]
[Black "Holly, Andrej"]
[Result "1/2-1/2"]
[BlackElo "1752"]
[WhiteElo "1588"]
[LiveChessVersion "1.4.8"]

1. d4 {[%clk 1:30:33]} Nf6 {[%clk 1:30:41]} 2. Bf4 {[%clk 1:29:44]} g6
{[%clk 1:30:22]} 3. Nf3 {[%clk 1:29:21]} Bg7 {[%clk 1:30:19]} 4. e3
{[%clk 1:29:15]} O-O {[%clk 1:30:09]} 5. c4 {[%clk 1:26:50]} d6 {[%clk 1:29:54]}
6. Be2 {[%clk 1:26:39]} c5 {[%clk 1:29:08]} 7. Nc3 {[%clk 1:21:58]} Bf5
{[%clk 1:26:43]} 8. O-O {[%clk 1:21:25]} Nh5 {[%clk 1:24:37]} 9. Qd2
{[%clk 1:20:18]} Nxf4 {[%clk 1:23:48]} 10. exf4 {[%clk 1:20:40]} Nc6
{[%clk 1:21:03]} 11. d5 {[%clk 1:18:38]} Nd4 {[%clk 1:20:44]} 12. Nxd4
{[%clk 1:17:00]} Bxd4 {[%clk 1:18:47]} 13. Rfe1 {[%clk 1:12:38]} Re8
{[%clk 1:16:10]} 14. Bd3 {[%clk 1:11:12]} Qd7 {[%clk 1:15:47]} 15. Rad1
{[%clk 1:08:49]} Bg4 {[%clk 1:12:43]} 16. Be2 {[%clk 1:08:14]} e5
{[%clk 1:08:49]} 17. Bxg4 {[%clk 1:05:50]} Qxg4 {[%clk 1:09:05]} 18. Ne2
{[%clk 1:05:36]} exf4 {[%clk 1:05:08]} 19. Nxd4 {[%clk 1:02:56]} cxd4
{[%clk 1:05:04]} 20. Qxd4 {[%clk 1:03:03]} Re2 {[%clk 1:04:22]} 21. h3
{[%clk 1:01:27]} Rxe1+ {[%clk 1:03:49]} 22. Rxe1 {[%clk 1:01:21]} Qg5
{[%clk 1:03:27]} 23. Qd2 {[%clk 0:56:06]} Qf6 {[%clk 1:02:49]} 24. b4
{[%clk 0:46:01]} b6 {[%clk 1:00:18]} 25. c5 {[%clk 0:34:22]} bxc5
{[%clk 0:59:44]} 26. bxc5 {[%clk 0:34:39]} dxc5 {[%clk 0:59:38]} 27. d6
{[%clk 0:34:47]} Rd8 {[%clk 0:59:28]} 28. d7 {[%clk 0:34:26]} Kf8
{[%clk 0:58:53]} 29. Rd1 {[%clk 0:28:14]} Qc6 {[%clk 0:51:56]} 30. Qxf4
{[%clk 0:25:26]} Rxd7 {[%clk 0:45:37]} 31. Qb8+ {[%clk 0:25:36]} Kg7
{[%clk 0:45:23]} 32. Rxd7 {[%clk 0:24:56]} Qxd7 {[%clk 0:45:45]} 33. Qe5+
{[%clk 0:25:19]} Kg8 {[%clk 0:43:46]} 34. Qxc5 {[%clk 0:25:35]} Qb7
{[%clk 0:42:50]} 35. a4 {[%clk 0:23:42]} Qa6 {[%clk 0:39:14]} 36. Qd4
{[%clk 0:23:33]} 1/2-1/2

[Event "v4camp2016"]
[Site "?"]
[Date "2016.06.23"]
[Round "5.19"]
[White "Brnusak, Tomas"]
[Black "Fortiak, Samuel"]
[Result "0-1"]
[BlackElo "1503"]
[WhiteElo "1600"]
[LiveChessVersion "1.4.8"]

1. d4 {[%clk 1:30:56]} d5 {[%clk 1:30:35]} 2. c4 {[%clk 1:31:18]} e6
{[%clk 1:29:23]} 3. Nc3 {[%clk 1:31:28]} Nf6 {[%clk 1:29:11]} 4. cxd5
{[%clk 1:31:16]} exd5 {[%clk 1:27:06]} 5. Bg5 {[%clk 1:30:52]} c6
{[%clk 1:25:26]} 6. e3 {[%clk 1:29:59]} Be7 {[%clk 1:21:58]} 7. Bd3
{[%clk 1:28:41]} O-O {[%clk 1:18:28]} 8. Nge2 {[%clk 1:27:52]} Ng4
{[%clk 1:17:18]} 9. Bf4 {[%clk 1:26:34]} Bh4 {[%clk 1:12:48]} 10. Bg3
{[%clk 1:25:00]} Qf6 {[%clk 1:10:09]} 11. Bxh4 {[%clk 1:24:18]} Qxh4
{[%clk 1:10:26]} 12. Ng3 {[%clk 1:23:25]} f5 {[%clk 1:09:00]} 13. h3
{[%clk 1:22:48]} Nxe3 {[%clk 1:02:38]} 14. Qf3 {[%clk 1:22:05]} f4
{[%clk 0:57:51]} 15. Nge2 {[%clk 1:20:33]} Bg4 {[%clk 0:55:15]} 16. hxg4
{[%clk 1:17:00]} Qxh1+ {[%clk 0:54:21]} 17. Kd2 {[%clk 1:17:15]} Qxa1
{[%clk 0:53:37]} 18. fxe3 {[%clk 1:17:13]} fxe3+ {[%clk 0:48:39]} 19. Qxe3
{[%clk 1:17:30]} Na6 {[%clk 0:47:03]} 20. Qh3 {[%clk 1:12:34]} g6
{[%clk 0:44:43]} 21. Qh6 {[%clk 1:11:09]} Rf6 {[%clk 0:43:34]} 22. g5
{[%clk 1:11:10]} Qxb2+ {[%clk 0:42:32]} 23. Ke1 {[%clk 1:11:03]} Re6
{[%clk 0:41:56]} 24. Kf1 {[%clk 1:10:55]} Qa1+ {[%clk 0:41:46]} 25. Bb1
{[%clk 1:09:20]} Rf8+ {[%clk 0:40:37]} 26. Kg1 {[%clk 1:08:58]} Rxe2
{[%clk 0:39:35]} 27. Nxe2 {[%clk 1:08:33]} Qxb1+ {[%clk 0:39:54]} 28. Kh2
{[%clk 1:08:34]} Qxa2 {[%clk 0:38:50]} 29. Nc3 {[%clk 1:08:29]} Qd2
{[%clk 0:36:40]} 30. Qh3 {[%clk 1:08:20]} Qf4+ {[%clk 0:36:48]} 31. Kh1
{[%clk 1:08:28]} Re8 {[%clk 0:36:27]} 32. g3 {[%clk 1:07:29]} Qc1+
{[%clk 0:35:17]} 33. Kg2 {[%clk 1:07:42]} Qxc3 {[%clk 0:33:47]} 34. Qd7
{[%clk 1:07:40]} Qc2+ {[%clk 0:33:28]} 35. Kf1 {[%clk 1:07:38]} Qf5+
{[%clk 0:33:15]} 0-1

[Event "v4camp2016"]
[Site "?"]
[Date "2016.06.23"]
[Round "5.20"]
[White "Niczyporuk, Jakub"]
[Black "Korenova, Simona"]
[Result "1-0"]
[BlackElo "1530"]
[WhiteElo "1227"]
[LiveChessVersion "1.4.8"]

1. c4 {[%clk 1:30:58]} e5 {[%clk 1:30:48]} 2. Nc3 {[%clk 1:31:15]} Nf6
{[%clk 1:31:00]} 3. e3 {[%clk 1:29:02]} Be7 {[%clk 1:28:51]} 4. Nf3
{[%clk 1:27:08]} d6 {[%clk 1:27:04]} 5. h3 {[%clk 1:25:49]} O-O {[%clk 1:25:49]}
6. d4 {[%clk 1:23:23]} exd4 {[%clk 1:24:00]} 7. exd4 {[%clk 1:23:31]} Nc6
{[%clk 1:21:27]} 8. Bd3 {[%clk 1:21:18]} Bd7 {[%clk 1:18:04]} 9. Qc2
{[%clk 1:19:30]} Nb4 {[%clk 1:10:30]} 10. Qb1 {[%clk 1:17:54]} h6
{[%clk 1:09:27]} 11. Be3 {[%clk 1:16:46]} d5 {[%clk 1:04:09]} 12. c5
{[%clk 1:10:42]} b6 {[%clk 0:51:34]} 13. O-O {[%clk 1:05:57]} Rb8
{[%clk 0:47:08]} 14. a3 {[%clk 1:00:59]} Nxd3 {[%clk 0:46:19]} 15. Qxd3
{[%clk 1:01:16]} bxc5 {[%clk 0:44:32]} 16. dxc5 {[%clk 0:58:14]} Rxb2
{[%clk 0:40:00]} 17. Nxd5 {[%clk 0:55:33]} Bb5 {[%clk 0:35:49]} 18. Nxe7+
{[%clk 0:55:14]} Qxe7 {[%clk 0:36:03]} 19. Qc3 {[%clk 0:55:19]} Bxf1
{[%clk 0:35:42]} 20. Qxb2 {[%clk 0:55:13]} Ba6 {[%clk 0:32:04]} 21. Re1
{[%clk 0:51:00]} Qd8 {[%clk 0:26:54]} 22. Bd4 {[%clk 0:47:06]} Bc4
{[%clk 0:18:30]} 23. Bxf6 {[%clk 0:44:54]} gxf6 {[%clk 0:17:40]} 24. Qc1
{[%clk 0:44:15]} Bd5 {[%clk 0:08:06]} 25. Rd1 {[%clk 0:43:05]} Qa8
{[%clk 0:07:30]} 26. Nh4 {[%clk 0:42:38]} Bb3 {[%clk 0:02:53]} 27. Rd3
{[%clk 0:42:24]} Qe4 {[%clk 0:02:42]} 28. Rg3+ {[%clk 0:42:41]} Kh7
{[%clk 0:02:54]} 29. Rxb3 {[%clk 0:42:10]} Qxh4 {[%clk 0:03:18]} 30. Qb1+
{[%clk 0:42:20]} Kg7 {[%clk 0:02:30]} 31. Rb4 {[%clk 0:41:32]} Qh5
{[%clk 0:02:37]} 32. Rg4+ {[%clk 0:41:14]} Kh8 {[%clk 0:03:00]} 33. Qc1
{[%clk 0:40:31]} Rg8 {[%clk 0:02:15]} 34. Qf4 {[%clk 0:39:12]} Rxg4
{[%clk 0:02:03]} 35. hxg4 {[%clk 0:39:37]} Qg5 {[%clk 0:01:33]} 36. Qxc7
{[%clk 0:39:05]} Qxg4 {[%clk 0:01:42]} 37. Qb8+ {[%clk 0:38:23]} Kg7
{[%clk 0:01:53]} 38. Qg3 {[%clk 0:38:37]} Qxg3 {[%clk 0:02:03]} 39. fxg3
{[%clk 0:38:54]} Kf8 {[%clk 0:02:31]} 40. Kf2 {[%clk 0:39:11]} Ke7
{[%clk 0:02:55]} 41. Ke3 {[%clk 0:39:24]} Kd7 {[%clk 0:03:12]} 42. Kd4
{[%clk 0:39:25]} Kc6 {[%clk 0:03:36]} 43. Kc4 {[%clk 0:39:07]} Kc7
{[%clk 0:02:15]} 44. Kd5 {[%clk 0:39:27]} Kd7 {[%clk 0:02:38]} 45. c6+
{[%clk 0:39:12]} Kc7 {[%clk 0:03:05]} 46. Kc5 {[%clk 0:39:35]} Kc8
{[%clk 0:03:30]} 47. Kd6 {[%clk 0:39:58]} Kd8 {[%clk 0:03:56]} 48. c7+
{[%clk 0:39:57]} Kc8 {[%clk 0:04:23]} 49. a4 {[%clk 0:40:08]} f5 {[%clk 0:04:17]}
50. Kc6 {[%clk 0:40:21]} f4 {[%clk 0:04:38]} 51. gxf4 {[%clk 0:40:40]} h5
{[%clk 0:05:01]} 52. Kd6 {[%clk 0:41:04]} f6 {[%clk 0:05:16]} 53. g3
{[%clk 0:41:21]} f5 {[%clk 0:05:41]} 54. Kc6 {[%clk 0:41:20]} a6 {[%clk 0:05:44]}
55. Kb6 {[%clk 0:41:44]} a5 {[%clk 0:06:08]} 56. Kxa5 {[%clk 0:41:46]} Kxc7
{[%clk 0:06:32]} 57. Kb5 {[%clk 0:42:12]} Kb7 {[%clk 0:06:50]} 58. Kc5
{[%clk 0:42:26]} Ka6 {[%clk 0:07:15]} 59. Kd5 {[%clk 0:42:48]} Ka5
{[%clk 0:07:39]} 60. Ke5 {[%clk 0:43:05]} 1-0

[Event "v4camp2016"]
[Site "?"]
[Date "2016.06.23"]
[Round "5.21"]
[White "Chwistek, Karel"]
[Black "Janecek, Miroslav"]
[Result "1-0"]
[BlackElo "1454"]
[WhiteElo "1945"]
[LiveChessVersion "1.4.8"]

1. e4 {[%clk 1:30:59]} e6 {[%clk 1:30:37]} 2. d4 {[%clk 1:31:12]} d5
{[%clk 1:31:05]} 3. exd5 {[%clk 1:31:35]} exd5 {[%clk 1:31:29]} 4. Bd3
{[%clk 1:31:55]} Be6 {[%clk 1:30:45]} 5. Ne2 {[%clk 1:31:27]} c6 {[%clk 1:30:20]}
6. Bf4 {[%clk 1:30:47]} Bd6 {[%clk 1:29:16]} 7. Nd2 {[%clk 1:30:08]} Ne7
{[%clk 1:26:37]} 8. Nf3 {[%clk 1:28:57]} Bxf4 {[%clk 1:24:08]} 9. Nxf4
{[%clk 1:29:16]} Bg4 {[%clk 1:23:51]} 10. h3 {[%clk 1:29:12]} Bxf3
{[%clk 1:24:02]} 11. Qxf3 {[%clk 1:29:03]} Qb6 {[%clk 1:22:05]} 12. O-O-O
{[%clk 1:27:29]} O-O {[%clk 1:18:10]} 13. g4 {[%clk 1:23:34]} Ng6
{[%clk 1:16:50]} 14. h4 {[%clk 1:23:14]} Nd7 {[%clk 1:15:56]} 15. h5
{[%clk 1:23:14]} Nxf4 {[%clk 1:15:42]} 16. Qxf4 {[%clk 1:23:39]} Rfe8
{[%clk 1:10:10]} 17. g5 {[%clk 1:22:10]} Nf8 {[%clk 1:07:20]} 18. g6
{[%clk 1:21:41]} f6 {[%clk 1:06:11]} 19. gxh7+ {[%clk 1:21:59]} Kh8
{[%clk 1:06:13]} 20. h6 {[%clk 1:22:03]} Ne6 {[%clk 1:04:46]} 21. hxg7+
{[%clk 1:22:18]} Nxg7 {[%clk 1:04:59]} 22. Qxf6 {[%clk 1:20:49]} Rf8
{[%clk 1:05:06]} 23. Qh4 {[%clk 1:21:11]} a5 {[%clk 1:04:30]} 24. Rhg1
{[%clk 1:20:32]} Qc7 {[%clk 1:04:20]} 25. Rg4 {[%clk 1:20:17]} b5
{[%clk 1:03:37]} 26. Rdg1 {[%clk 1:20:00]} Rf7 {[%clk 1:03:44]} 27. f4
{[%clk 1:20:08]} Qd8 {[%clk 1:02:09]} 28. Qxd8+ {[%clk 1:15:30]} Rxd8
{[%clk 1:02:37]} 29. f5 {[%clk 1:15:53]} Rdd7 {[%clk 1:01:20]} 30. Rg6
{[%clk 1:14:58]} Rc7 {[%clk 0:59:44]} 31. f6 {[%clk 1:15:08]} Nh5
{[%clk 1:00:02]} 32. Rg8# 1-0

[Event "v4camp2016"]
[Site "?"]
[Date "2016.06.23"]
[Round "5.22"]
[White "Palyza, Lukas"]
[Black "Gemsa, Pavel"]
[Result "0-1"]
[BlackElo "1973"]
[WhiteElo "1348"]
[LiveChessVersion "1.4.8"]

1. e4 {[%clk 1:30:59]} c5 {[%clk 1:30:54]} 2. Nf3 {[%clk 1:31:22]} g6
{[%clk 1:31:15]} 3. Nc3 {[%clk 1:31:18]} Bg7 {[%clk 1:31:22]} 4. d4
{[%clk 1:31:33]} cxd4 {[%clk 1:31:47]} 5. Nxd4 {[%clk 1:31:56]} Nc6
{[%clk 1:32:12]} 6. Be3 {[%clk 1:32:16]} Nf6 {[%clk 1:32:36]} 7. Bc4
{[%clk 1:30:59]} O-O {[%clk 1:33:00]} 8. O-O {[%clk 1:31:26]} Nxe4
{[%clk 1:33:07]} 9. Nxe4 {[%clk 1:31:29]} d5 {[%clk 1:33:32]} 10. Bxd5
{[%clk 1:31:55]} Qxd5 {[%clk 1:33:56]} 11. Qf3 {[%clk 1:30:25]} Rd8
{[%clk 1:31:11]} 12. c3 {[%clk 1:27:05]} Ne5 {[%clk 1:30:58]} 13. Qf4
{[%clk 1:24:51]} Ng4 {[%clk 1:29:07]} 14. f3 {[%clk 1:22:14]} Be5
{[%clk 1:27:42]} 15. Qg5 {[%clk 1:20:35]} f6 {[%clk 1:25:21]} 16. Qh4
{[%clk 1:20:15]} Nxe3 {[%clk 1:25:14]} 17. Rfe1 {[%clk 1:19:26]} Bxd4
{[%clk 1:25:27]} 18. cxd4 {[%clk 1:19:45]} Nc2 {[%clk 1:25:46]} 19. Red1
{[%clk 1:19:21]} Nxa1 {[%clk 1:25:46]} 20. Rxa1 {[%clk 1:19:05]} Qxd4+
{[%clk 1:26:10]} 21. Kh1 {[%clk 1:19:23]} Qd1+ {[%clk 1:26:35]} 22. Qe1
{[%clk 1:19:42]} Qxe1+ {[%clk 1:26:37]} 23. Rxe1 {[%clk 1:20:06]} Bf5
{[%clk 1:26:58]} 24. b3 {[%clk 1:19:57]} Bxe4 {[%clk 1:27:19]} 25. fxe4
{[%clk 1:20:19]} Rd2 {[%clk 1:27:46]} 26. a4 {[%clk 1:20:29]} Rb2
{[%clk 1:28:14]} 27. h3 {[%clk 1:20:50]} Rxb3 {[%clk 1:28:43]} 28. Kh2
{[%clk 1:21:14]} Ra3 {[%clk 1:29:12]} 29. e5 {[%clk 1:21:35]} Rxa4
{[%clk 1:29:39]} 30. exf6 {[%clk 1:21:55]} exf6 31. Re7 {[%clk 1:22:19]} b5
{[%clk 1:30:19]} 32. Rb7 {[%clk 1:22:35]} b4 {[%clk 1:30:41]} 33. Rb5
{[%clk 1:23:03]} a5 {[%clk 1:31:04]} 34. Rb6 {[%clk 1:23:24]} Ra3
{[%clk 1:31:24]} 35. Rxf6 b3 {[%clk 1:31:49]} 36. Rb6 {[%clk 1:24:13]} a4
{[%clk 1:32:12]} 37. Rb4 {[%clk 1:24:37]} Ra2 {[%clk 1:32:35]} 38. Rb5
{[%clk 1:25:01]} b2 {[%clk 1:32:57]} 39. Rb3 {[%clk 1:25:24]} a3 {[%clk 1:33:14]}
40. Rxa3 {[%clk 1:25:45]} R8xa3 {[%clk 1:33:34]} 0-1